000
00262nam a22001097a 4500
008
230626b xxu||||| |||| 00| 0 eng d
082
_a
331.21
_b
ROK
245
_a
Report of the Salaries Review Commission 1967
260
_c
1967
300
_a
137p
942
_2
ddc
_c
BK
999
_c
2732
_d
2732